UEFA Teams By Region - Statistics

General Stats
  • This quiz has been taken 199 times
    62 since last reset
  • The average score is 12 of 15
Answer Stats
Hint Answer % Correct
Madrid Real Madrid/Athletico Madrid
100%
Ile De France Paris
98%
Catalonia FC Barcelona
97%
Bavaria Bayern Munich
95%
Greater London Chelsea/Tottenham/Arsenal
95%
North Holland Ajax/AZ
92%
Merseyside Liverpool/Everton
92%
Scotland Rangers/Celtic
92%
Lombardy Inter Milan/AC Milan
85%
Denmark Capital Region Copenhagen
82%
Nord Rhine-Westphalia Dortmund/Leverkusen/Monchengladbach
82%
Campania Napoli
64%
Lancashire Manchester City/Manchester United
61%
Saxony Leipzig
52%
Hessen Eintracht
51%
No matching quizzes found
Score Distribution
Percent of People with Each Score
Percentile by Number Answered
Your Score History
You have not taken this quiz since the last reset